| 000 | 00602nam a2200217Ia 4500 | ||
|---|---|---|---|
| 005 | 20250505124919.0 | ||
| 008 | 008 250505s9999 xx 000 0 eng d | ||
| 037 | _aReference | ||
| 040 |
_aLCO _beng _cLCO |
||
| 041 |
_aeng _2eng |
||
| 084 |
_aZv2,N Q9 _qLCO |
||
| 100 | _aKulshreshtha, V.D. | ||
| 245 | 0 |
_aLandmarks in Indian Legal and Constitutional History _cV.D. Kulshreshtha |
|
| 250 | _a12th | ||
| 260 |
_aLucknow, India _bEastern Book Company _c2019 |
||
| 300 | _a699 | ||
| 365 |
_aINR _b845 |
||
| 650 | _aLaw | ||
| 942 |
_cREF _hZv2,N Q9 |
||
| 999 |
_c1310640 _d1310640 |
||